Nommez cet ours - quiz d'images - Statistiques

Statistiques générales
  • Ce quiz a été pris 190 fois
  • Le résultat moyen est 5 sur 9
Statistiques - réponses
Par images Réponse % Correct
Grand Panda
100%
Ours blanc
100%
Ours brun
96%
Ours noir
80%
Ours à lunettes
46%
Ours malais
38%
Ours noir d'Asie
34%
Ours lippu
20%
Ours lippu
20%
Aucun quiz correspondant
Distribution des résultats
% des personnes avec chaque résultat
Percentile par nombre de réponses
Votre historique - résultats
Vous n’avez pas pris ce quiz